00530nam a2200145Ia 4500008004100000020001800041100002300059245015500082250001100237260002600248300002000274500005200294650001900346650001900365180925s9999 xx 000 0 und d a9780702070082 aHeinrich, Michael. cMichael Heinrich, Joanne Barnes, José M. Prieto Garcia , Simon Gibbons, Elizabeth M. Williamson.--aFundamentals of pharmacognosy and phytotherapy / a3rd ed aUSA :bElsevierc2018 axvi, 359 pages. aInlcudes bibliographical reference and indexes. aPharmacognosy. aPhytotheraphy.